| 000 | 003170000a22000970004500 | ||
|---|---|---|---|
| 100 | 1 | _aPhillips, Thomas E. | |
| 245 | 1 | 0 | _aRevisiting philo : Discussions of wealth and poverty in philo's ethical discourse |
| 300 | _aNúm 83 (2001), Páginas 111-121 | ||
| 773 | 0 | _tJournal for the Study of the New Testament | |
| 942 | _cANA | ||
| 999 |
_c55907 _d55907 |
||